• 首页
  • 本馆介绍
  • 公告通知
  • 最新文献
  • 馆藏检索
  • 电子资源
  • 读者导购
  • 参考咨询
  • 我的图书馆
  • 登录
  • 详细信息显示
  • 放入我的书架
  • 预约/预借图书
  • 作者相关作品
  • 分类相关作品
  • 丛书相关作品
  • 出版社相关作品

书目信息

  • 表格格式
  • 工作单格式
  • 卡片格式
题名:
中国百年水彩画集
    
 
作者: 刘大为 , 范迪安 , 于平 主编
分册:  
出版信息: 北京   人民美术出版社  2006
页数: 14,306页
开本: 38cm
丛书名:
单 册:
中图分类: J225 , J225
科图分类:
主题词: 水彩画 --中国 --现代 --画册 , 水彩画 , 绘画--中国
电子资源:
ISBN: 7-102-03618-3
000 01102nam0 2200301 450
001 0737372738
005 20070922102502.35
010    @a7-102-03618-3 @b精装 @dCNY380.00
090    @aJ225 @byp
096    @aJ225 @bzg
100    @a20060104d2006 em y0chiy50 ea
101 0  @achi
102    @aCN @b110000
105    @aa
106    @ad
200 1  @a中国百年水彩画集 @b专著 @e1905-2006 @f于平,刘大为,范迪安主编 @Azhong guo bai nian shui cai hua ji
210    @a北京 @c人民美术出版社 @d2006
215    @a14,306页 @d38cm
606 0  @a水彩画 @y中国 @z现代 @j画册
606 0  @a水彩画
606 0  @a绘画@x中国
690    @aJ225 @v4
690    @aJ225@v3
701  0 @a刘大为 @f(1945~) @4主编 @Aliu da wei
701  0 @a范迪安 @f(1955~) @4主编 @Afan di an @b01 @c20061214 @lNLC01 @h1331 @b40 @c20061215 @lNLC01 @h1432 @b40 @c20070105 @lNLC01 @h1535 @b40 @c20070115 @lNLC01 @h0915 @b60 @c20070206 @lNLC01 @h1500 @b60 @c20070206 @lNLC01 @h1500 @b60 @c20070207 @lNLC01 @h1028
701  0 @a于平 @f(1954.11~) @4主编 @Ayu ping
801 0  @c20070922
905    @a10447@dJ225@e255
    
    中国百年水彩画集 [专著 ]:1905-2006 /于平,刘大为,范迪安主编 .-北京 :人民美术出版社 ,2006
    14,306页 ;38cm
    
    
    ISBN 7-102-03618-3 (精装 ):CNY380.00
    
●
相关链接 在E读中查询图书 在五车中查询图书 在当当中查询图书 在豆瓣中查询图书


正题名:中国百年水彩画集     索取号:J225/255         预约/预借

序号 登录号 条形码 馆藏地/架位号 状态 备注
1 0624439   206244394   古籍典藏专区/ [索取号:J225/255] 在馆    
唐山师范学院图书馆 欢迎您!
大连网信软件有限公司© 版权所有